Jak dobrze znasz piosenkę "Pszczółka Maja" zespołu Akcent? - Statystyki

Ogólne statystyki
  • Ten quiz został rozwiązany 103 razy
  • Średni wynik to 11 z 24
Statystyki odpowiedzi
Tekst Brakujące słowo % Poprawnych
Pszczółka Maja sobie ... lata
100%
A tam ... w tulipanie Gucio
94%
Zbiera ... gdzieś na kwiatach nektar
94%
Czeka sobie na ... śniadanie
93%
Ale z Gucia jest ... gagatek
69%
Co robicie, ... dzieci? drogie
51%
Och, jak, kurcze, ... wesoło jest
51%
A ... Gucio Maję liże tam
51%
Oddział mrówek, tańcząc w ... koło
48%
Chodźcie, się ... w kupę zbierzemy
48%
Tekla patrząc ze swej ... sieci
45%
Konik Filip, już nie ... może
43%
I zerżniemy Mai ... pupę
41%
Opuściła się ... niżej ciut
35%
Na biedronki trzy ... kropeczki
35%
... gdzieś na kwiatek Przyleciała
34%
Wyrwał się ze swą ... armatą
29%
Atakuje ... niespodzianie
25%
Z tego ... jest śniadanie wielkie
25%
Aleksander, ... na to patrząc
24%
By ... się troszeczki pobawić
24%
Idę właśnie ją ... zobaczyć
24%
Myśli: ... się położę? Kiedy
20%
Patrzy, ..., leci mucha obok
15%
Nie znaleziono quizów pasujących do podanych kryteriów
Rozkład punktacji
Procent ludzi z każdym wynikiem
Percentyl według liczby udzielonych odpowiedzi
Twoja historia wyników
Nie rozwiązałeś tego quizu